[Event "Catania op"]
[Site "Cattolica"]
[Date "1994.??.??"]
[Round "9"]
[White "Rausis, Igors"]
[Black "Maksimenko, Andrei"]
[Result "1/2-1/2"]
[WhiteElo "2485"]
[BlackElo "2525"]
[PlyCount "53"]
[EventDate "1994.??.??"]
[EventType "swiss"]
[EventRounds "9"]
[EventCountry "ITA"]
[Source "Fruth,M"]
[SourceDate "2003.05.15"]

1. d4 d5 2. c4 e6 3. Nc3 c5 4. cxd5 cxd4 5. Qxd4 Nc6 6. Qd1 exd5 7. Qxd5 Be6 8.
Qxd8+ Rxd8 9. e3 a6 10. Be2 Nb4 11. Kf1 g6 12. Nf3 Bg7 13. Ng5 Bc8 14. Nf3 Be6
15. Ng5 Bc8 16. Nf3 Ne7 17. Bd2 O-O 18. h3 Nd3 19. Rb1 b5 20. Bxd3 Rxd3 21. Ke2
Rfd8 22. Nd4 Bf5 23. g4 R3xd4 24. exd4 Bxb1 25. Rxb1 Bxd4 26. Be3 Bg7 27. Rd1
1/2-1/2

[Event "ESP-ch TT"]
[Site "Cala Galdana"]
[Date "1994.??.??"]
[Round "?"]
[White "Gamundi Salamanca, Antonio"]
[Black "Rodriguez Vargas, Orestes"]
[Result "0-1"]
[WhiteElo "2360"]
[BlackElo "2440"]
[PlyCount "72"]
[EventDate "1994.??.??"]
[EventType "team"]
[EventRounds "9"]
[EventCountry "ESP"]
[Source "Fruth,M"]
[SourceDate "2003.05.15"]

1. d4 d5 2. c4 e6 3. Nc3 c5 4. cxd5 cxd4 5. Qxd4 Nc6 6. Qd1 exd5 7. Qxd5 Bd7 8.
Nf3 Nf6 9. Qd1 Bc5 10. e3 Qe7 11. Be2 O-O-O 12. O-O g5 13. a3 g4 14. Nd4 Qe5
15. Ncb5 a6 16. b4 Bb6 17. Nxc6 Bxc6 18. Nd4 Rxd4 19. exd4 Qe4 20. f3 Qxd4+ 21.
Kh1 Qxa1 22. Qc2 Qe5 23. Bxa6 Kb8 24. fxg4 Nd5 25. Bb2 Bd4 26. Rf5 Qe3 27. Bxd4
Qxd4 28. Qd3 Qxd3 29. Bxd3 Ne3 30. Re5 Nxg4 31. Re2 Rd8 32. Bc2 Bb5 33. Re1 Rd2
34. Be4 Nf2+ 35. Kg1 Nxe4 36. Rxe4 Rxg2+ 0-1

[Event "FRA-ch TT"]
[Site "FRA"]
[Date "1994.??.??"]
[Round "2"]
[White "Pinter, Jozsef"]
[Black "Kappler, Jean Marie"]
[Result "1-0"]
[WhiteElo "2555"]
[BlackElo "2325"]
[PlyCount "81"]
[EventDate "1994.??.??"]
[EventType "team"]
[EventCountry "FRA"]
[Source "Fruth,M"]
[SourceDate "2003.05.15"]

1. d4 d5 2. c4 e6 3. Nc3 c5 4. cxd5 cxd4 5. Qa4+ Bd7 6. Qxd4 exd5 7. Qxd5 Nc6
8. Nf3 Nf6 9. Qd1 Bc5 10. e3 Qe7 11. Be2 O-O-O 12. O-O g5 13. b4 Bxb4 14. Bb2
g4 15. Nd4 Rhg8 16. Ncb5 Kb8 17. Qb3 Ne4 18. Rfc1 Rg6 19. a3 Ba5 20. Bd3 Rh6
21. Qc2 Nd6 22. Nxd6 Qxd6 23. g3 Ne5 24. Be4 Bb6 25. Rd1 Qe7 26. Rac1 Bc8 27.
Bg2 Rhd6 28. a4 Qg5 29. Ba3 R6d7 30. Nb5 Nd3 31. Rxd3 Rxd3 32. Bd6+ R3xd6 33.
Nxd6 Be6 34. Qe4 Qe7 35. Nxb7 Rc8 36. Rxc8+ Kxc8 37. Qc6+ Bc7 38. Qa6 Qb4 39.
Na5+ Kd7 40. Qc6+ Kc8 41. Qe8+ 1-0

[Event "Isla Guitart op"]
[Site "Isla Guitart "]
[Date "1994.??.??"]
[Round "?"]
[White "Barrios, Felix"]
[Black "Barreras, Alberto"]
[Result "0-1"]
[WhiteElo "2315"]
[BlackElo "2315"]
[PlyCount "97"]
[EventDate "1994.??.??"]
[EventType "swiss"]
[EventRounds "9"]
[EventCountry "CUB"]
[Source "Fruth,M"]
[SourceDate "2003.05.15"]

1. d4 d5 2. c4 e6 3. Nc3 c5 4. cxd5 cxd4 5. Qxd4 Nc6 6. Qd1 exd5 7. Qxd5 Bd7 8.
Bg5 Nf6 9. Qd2 Qa5 10. Bxf6 gxf6 11. Rc1 O-O-O 12. Qf4 Be6 13. Nf3 Bd6 14. Qxf6
Qb4 15. Rc2 Be7 16. Qh6 Bxa2 17. g3 Bb3 18. Bh3+ Kb8 19. Rd2 Rxd2 20. Nxd2 Bc2
21. O-O Rd8 22. Bg2 Qxb2 23. Nd5 Qe5 24. Nc4 Qg5 25. Qxg5 Bxg5 26. f4 Bh6 27.
e4 Bd3 28. Rc1 Nd4 29. Ne5 Ne2+ 30. Kf2 Nxc1 31. Nxf7 Rxd5 32. exd5 Bf8 33. g4
Bg6 34. Ng5 Be7 35. Ne6 Bf7 36. g5 Nd3+ 37. Ke3 Nc5 38. Nd4 a5 39. h4 a4 40.
Nb5 Nb3 41. d6 Bxd6 42. Be4 Bc5+ 43. Kd3 Bg8 44. h5 a3 45. Nc3 Nc1+ 46. Kc2 a2
47. Nxa2 Nxa2 48. f5 Be3 49. g6 0-1

[Event "SLO-ch TT"]
[Site "SLO"]
[Date "1994.??.??"]
[Round "?"]
[White "Bukic, Enver"]
[Black "Truta, Srecko"]
[Result "1/2-1/2"]
[WhiteElo "2445"]
[BlackElo "2260"]
[PlyCount "70"]
[EventDate "1994.??.??"]
[EventType "team"]
[EventRounds "7"]
[EventCountry "SLO"]
[Source "Fruth,M"]
[SourceDate "2003.05.15"]

1. d4 d5 2. c4 e6 3. Nc3 c5 4. cxd5 cxd4 5. Qa4+ Bd7 6. Qxd4 exd5 7. Nf3 Nc6 8.
Qxd5 Nf6 9. Qd1 Bc5 10. e3 Qe7 11. Be2 O-O-O 12. O-O g5 13. Nd4 Kb8 14. b4 Nxd4
15. bxc5 Nxe2+ 16. Qxe2 Bc6 17. Bb2 g4 18. Qc4 Rhe8 19. Rad1 Ne4 20. Nxe4 Bxe4
21. Rxd8+ Rxd8 22. Bf6 Qxf6 23. Qxe4 Qe6 24. Qxh7 Qxa2 25. Qe4 Qe6 26. Qf4+ Ka8
27. f3 f5 28. fxg4 fxg4 29. Rb1 a6 30. Rc1 Rd3 31. e4 Rd4 32. c6 bxc6 33. Qc7
Qxe4 34. Qc8+ Ka7 35. Qc7+ Ka8 1/2-1/2

[Event "SLO-ch TT"]
[Site "SLO"]
[Date "1994.??.??"]
[Round "?"]
[White "Potocnik, Primoz"]
[Black "Truta, Srecko"]
[Result "0-1"]
[WhiteElo "2225"]
[BlackElo "2265"]
[PlyCount "43"]
[EventDate "1994.??.??"]
[EventType "team"]
[EventRounds "7"]
[EventCountry "SLO"]
[Source "Fruth,M"]
[SourceDate "2003.05.15"]

1. d4 d5 2. c4 e6 3. Nc3 c5 4. cxd5 cxd4 5. Qa4+ Bd7 6. Qxd4 exd5 7. Nf3 Nc6 8.
Qd1 Nf6 9. Bg5 Bb4 10. e3 h6 11. Bh4 g5 12. Bg3 Ne4 13. Rc1 Qf6 14. Qc2 h5 15.
Bd3 h4 16. Bc7 Bxc3+ 17. bxc3 Nc5 18. h3 Rc8 19. Bh2 Nb4 20. cxb4 Nxd3+ 21.
Qxd3 Rxc1+ 22. Kd2 0-1

[Event "Cappelle op"]
[Site "Cappelle la Grande"]
[Date "1994.??.??"]
[Round "3"]
[White "Etchegaray, Patrice"]
[Black "Kharkova, Elena"]
[Result "1-0"]
[WhiteElo "2395"]
[BlackElo "2195"]
[PlyCount "65"]
[EventDate "1994.02.??"]
[EventType "swiss"]
[EventRounds "9"]
[EventCountry "FRA"]
[Source "Fruth,M"]
[SourceDate "2003.05.15"]

1. d4 d5 2. c4 e6 3. Nc3 c5 4. cxd5 cxd4 5. Qa4+ Bd7 6. Qxd4 exd5 7. Qxd5 Nc6
8. Nf3 Nf6 9. Qb3 Bc5 10. Bg5 Qa5 11. Bxf6 gxf6 12. e3 Rg8 13. O-O-O O-O-O 14.
g3 Bb4 15. Nd4 Ne5 16. Bg2 b6 17. Qd5 Qxd5 18. Nxd5 Bc5 19. Nxf6 Ba4 20. Nxg8
Bxd1 21. Rxd1 Rxg8 22. Nb3 Be7 23. f4 Nc4 24. Bh3+ Kb8 25. Rd7 Bf6 26. Nd4 Bxd4
27. exd4 Re8 28. b3 Re1+ 29. Kc2 Na3+ 30. Kd3 Rh1 31. Rxf7 Rxh2 32. Rxh7 Rxa2
33. f5 1-0

[Event "Budapest Spring op"]
[Site "Budapest"]
[Date "1994.??.??"]
[Round "9"]
[White "Dao Thien Hai"]
[Black "Vigh, Bela"]
[Result "1-0"]
[WhiteElo "2495"]
[BlackElo "2405"]
[PlyCount "79"]
[EventDate "1994.03.??"]
[EventType "swiss"]
[EventRounds "9"]
[EventCountry "HUN"]
[Source "Fruth,M"]
[SourceDate "2003.05.15"]

1. d4 d5 2. c4 e6 3. Nc3 c5 4. cxd5 cxd4 5. Qa4+ Bd7 6. Qxd4 exd5 7. Qxd5 Nc6
8. e3 Nf6 9. Qd1 Bc5 10. Nf3 Qe7 11. Be2 O-O-O 12. Bd2 g5 13. Rc1 g4 14. Nd4
Kb8 15. O-O Qe5 16. Ncb5 Ne4 17. Bc3 Nxc3 18. Rxc3 a6 19. Qc2 Bb6 20. Nxc6+
Bxc6 21. Rxc6 bxc6 22. Na3 h5 23. Nc4 Qc7 24. Qa4 Kb7 25. Rc1 Rd5 26. Rc3 Rhd8
27. g3 f5 28. Ra3 Ra8 29. Nxb6 Qxb6 30. Rb3 Rb5 31. Bxb5 axb5 32. Qf4 Qc5 33.
Rd3 Qc2 34. Rd7+ Ka6 35. h4 gxh3 36. Qc7 h2+ 37. Kg2 Qe4+ 38. Kxh2 Qe8 39.
Qxc6+ Ka5 40. Qc7+ 1-0

[Event "ARG-World schev match"]
[Site "Buenos Aires"]
[Date "1994.??.??"]
[Round "5"]
[White "Sorin, Ariel"]
[Black "Bellon Lopez, Juan Manuel"]
[Result "1/2-1/2"]
[WhiteElo "2470"]
[BlackElo "2460"]
[PlyCount "145"]
[EventDate "1994.04.??"]
[EventType "schev"]
[EventRounds "10"]
[EventCountry "ARG"]
[Source "Fruth,M"]
[SourceDate "2003.05.15"]

1. d4 d5 2. c4 e6 3. Nc3 c5 4. cxd5 cxd4 5. Qa4+ Bd7 6. Qxd4 exd5 7. Qxd5 Nc6
8. Nf3 Nf6 9. Qd1 Bc5 10. e3 Qe7 11. a3 O-O-O 12. b4 Bb6 13. Qc2 Kb8 14. Be2 g5
15. Na4 Bc7 16. Bb2 g4 17. Nd4 Nxd4 18. Bxd4 Bxa4 19. Qxa4 Rxd4 20. exd4 Qe4
21. Kf1 Bb6 22. Rd1 Nd5 23. Qb5 f5 24. Qd3 Qe6 25. h3 h5 26. hxg4 fxg4 27. Re1
Qf6 28. Qe4 Nc3 29. Qe5+ Qxe5 30. dxe5 Rf8 31. Bf3 gxf3 32. g3 Rf5 33. e6 Ne2
34. e7 Re5 35. Rxh5 Rxe7 36. Rf5 Rh7 37. Rxf3 Nd4 38. Rf8+ Kc7 39. Kg2 Kc6 40.
g4 Kd5 41. f4 Nc2 42. Re5+ Kc4 43. Rfe8 Bd4 44. R5e7 Rh4 45. Kg3 Rh1 46. g5 Ra1
47. Rc7+ Kd3 48. Rxb7 Ne3 49. Rd7 Rg1+ 50. Kh2 Ng4+ 51. Kh3 Nf2+ 52. Kh4 Rg4+
53. Kh5 Rxf4 54. Kg6 Ng4 55. Rd5 Ne3 56. Rdd8 Nc4 57. Rf8 Rh4 58. Kf5 Ne3+ 59.
Ke6 Re4+ 60. Kd7 Rg4 61. Rg8 Nc4 62. Rdf8 Ke4 63. a4 Nb6+ 64. Kc6 Nxa4 65. g6
Kd3 66. Rd8 Kc4 67. Rd7 Nc3 68. Kb7 Nb5 69. g7 Kxb4 70. Rb8 Rxg7 71. Rxg7 Bxg7
72. Ka6 Bd4 73. Rxb5+ 1/2-1/2

[Event "Terrassa op"]
[Site "Terrassa"]
[Date "1994.??.??"]
[Round "4"]
[White "Kolev, Atanas"]
[Black "Rodriguez Vargas, Orestes"]
[Result "1/2-1/2"]
[WhiteElo "2490"]
[BlackElo "2440"]
[PlyCount "105"]
[EventDate "1994.07.??"]
[EventType "swiss"]
[EventRounds "9"]
[EventCountry "ESP"]
[Source "Fruth,M"]
[SourceDate "2003.05.15"]

1. d4 d5 2. c4 e6 3. Nc3 c5 4. cxd5 cxd4 5. Qa4+ Bd7 6. Qxd4 exd5 7. Qxd5 Nc6
8. Nf3 Nf6 9. Qd1 Bc5 10. e3 Qe7 11. Bd2 O-O-O 12. Rc1 Kb8 13. a3 g5 14. b4 Bb6
15. h3 g4 16. hxg4 Bxg4 17. Be2 Rhg8 18. Qc2 Bh5 19. Na4 Bg6 20. Qb2 Ne4 21.
Nxb6 Nxd2 22. Nxd2 axb6 23. Nf3 Be4 24. Kf1 Ne5 25. Ne1 Rd6 26. f3 Nd3 27. Bxd3
Bxd3+ 28. Nxd3 Rxd3 29. Rxh7 Ka7 30. Re1 Rxe3 31. Rxe3 Qxe3 32. Rh8 Rg6 33. Qc2
Qxa3 34. Rc8 Qxb4 35. Rc4 Qb5 36. Kf2 Rd6 37. Qa2+ Qa5 38. Rc2 Re6 39. g4 Kb8
40. Re2 Qc5+ 41. Kg2 Rxe2+ 42. Qxe2 Qd5 43. Kg3 b5 44. f4 Ka7 45. Qe3+ Ka6 46.
Qa3+ Kb6 47. g5 Kc6 48. Qc3+ Qc4 49. Qf6+ Kd7 50. Qf5+ Kd8 51. Qf6+ Ke8 52.
Qe5+ Kd7 53. Qf5+ 1/2-1/2

[Event "Platja d'Aro Barcino IT"]
[Site "Platja d'Aro"]
[Date "1994.??.??"]
[Round "?"]
[White "Pomes Marcet, Juan"]
[Black "Rodriguez Vargas, Orestes"]
[Result "1/2-1/2"]
[WhiteElo "2390"]
[BlackElo "2440"]
[PlyCount "83"]
[EventDate "1994.10.??"]
[EventType "tourn"]
[EventRounds "9"]
[EventCountry "POR"]
[EventCategory "10"]
[Source "Fruth,M"]
[SourceDate "2003.05.15"]

1. d4 d5 2. c4 e6 3. Nc3 c5 4. cxd5 cxd4 5. Qxd4 Nc6 6. Qd1 exd5 7. Qxd5 Bd7 8.
Nf3 Nf6 9. Qd1 Bc5 10. e3 Qe7 11. a3 O-O-O 12. Qc2 Kb8 13. Be2 g5 14. b4 Bb6
15. Bb2 g4 16. Nd2 Ne5 17. Nc4 Nxc4 18. Bxc4 Rc8 19. Qb3 h5 20. Nd5 Nxd5 21.
Bxd5 f6 22. a4 Bf5 23. O-O Bc2 24. Qa2 h4 25. Be6 g3 26. Bxc8 Rxc8 27. Bd4
gxh2+ 28. Kh1 h3 29. gxh3 Bd3 30. Rfc1 Be4+ 31. Kxh2 Rh8 32. f3 Bxf3 33. Qf2
Bc6 34. Bxb6 axb6 35. Qg3+ Ka7 36. b5 Bd7 37. Rc7 Qe6 38. h4 Rg8 39. Qxg8 Qxg8
40. Rxd7 Qe6 41. Rd4 Qxe3 42. Rad1 1/2-1/2

[Event "St.Petersburg op2"]
[Site "St.Petersburg"]
[Date "1994.??.??"]
[Round "8"]
[White "Baklanova, Tatiana"]
[Black "Khavsky, Sergey V"]
[Result "0-1"]
[WhiteElo "2180"]
[BlackElo "2365"]
[PlyCount "72"]
[EventDate "1994.10.??"]
[EventType "swiss"]
[EventRounds "9"]
[EventCountry "RUS"]
[Source "Fruth,M"]
[SourceDate "2003.05.15"]

1. d4 d5 2. c4 e6 3. Nc3 c5 4. cxd5 cxd4 5. Qa4+ Bd7 6. Qxd4 exd5 7. Qxd5 Nc6
8. Nf3 Nf6 9. Qd1 Bc5 10. e3 Qe7 11. Bd2 O-O 12. Be2 Rad8 13. O-O Bg4 14. a3
Bd6 15. g3 Bc5 16. Qc2 Ne5 17. Ne1 Rd7 18. Rd1 Bxe2 19. Nxe2 Rfd8 20. Nc3 Qe6
21. Kg2 Qc6+ 22. Kg1 Qe6 23. Kg2 h5 24. h4 Bb6 25. e4 Qc6 26. f3 Nc4 27. Bc1
Be3 28. Kh1 Qe6 29. Kh2 Bxc1 30. Qxc1 Rd2+ 31. Ng2 Ne3 32. Rxd2 Nxf1+ 33. Qxf1
Rxd2 34. Qb5 Qa6 35. Qg5 Rxb2 36. Qc1 Qxa3 0-1

[Event "Groningen op"]
[Site "Groningen"]
[Date "1994.??.??"]
[Round "2"]
[White "Nenashev, Alexander"]
[Black "Truta, Srecko"]
[Result "1-0"]
[WhiteElo "2575"]
[BlackElo "2265"]
[PlyCount "59"]
[EventDate "1994.12.??"]
[EventType "swiss"]
[EventRounds "11"]
[EventCountry "NED"]
[Source "Fruth,M"]
[SourceDate "2003.05.15"]

1. d4 d5 2. c4 e6 3. Nc3 c5 4. cxd5 cxd4 5. Qa4+ Bd7 6. Qxd4 exd5 7. Qxd5 Nc6
8. Qe4+ Be6 9. Nf3 Nf6 10. Qc2 a6 11. a3 Bc5 12. e3 Qe7 13. Be2 g5 14. O-O g4
15. Nd4 Bd7 16. b4 Bxd4 17. exd4 Nxd4 18. Qb2 Rg8 19. Bf4 Nf3+ 20. Kh1 Bc6 21.
gxf3 gxf3 22. Bd3 O-O-O 23. Bf5+ Rd7 24. Rfe1 Qe2 25. Na4 Ne4 26. Bxe4 Bxe4 27.
Rac1+ Bc6 28. Nb6+ Kd8 29. Qf6+ Ke8 30. Nxd7 1-0

[Event "BCF-ch"]
[Site "Swansea"]
[Date "1995.??.??"]
[Round "1"]
[White "Sheldon, Ruth"]
[Black "Hunt, Harriet"]
[Result "0-1"]
[WhiteElo "2185"]
[BlackElo "2385"]
[PlyCount "66"]
[EventDate "1995.??.??"]
[EventType "swiss"]
[EventRounds "11"]
[EventCountry "ENG"]
[Source "Fruth,M"]
[SourceDate "2003.05.15"]

1. d4 d5 2. c4 e6 3. Nc3 c5 4. cxd5 cxd4 5. Qa4+ Bd7 6. Qxd4 exd5 7. Qxd5 Nc6
8. Nf3 Nf6 9. Qd3 Bc5 10. Be3 Nb4 11. Qd2 Bxe3 12. Qxe3+ Be6 13. Rc1 O-O 14. a3
Nbd5 15. Nxd5 Nxd5 16. Qd2 Qf6 17. e3 Rad8 18. Nd4 Nf4 19. Qb4 a5 20. Qc3 Rfe8
21. Nxe6 Qxe6 22. g3 Qe4 23. Rg1 Nd5 24. Qc4 Qe5 25. Qb3 a4 26. Qb5 Qe7 27. Qc5
Qf6 28. Bb5 Re5 29. Be2 Nxe3 30. Qc3 Nd5 31. Qc2 Rde8 32. Kd1 Qxf2 33. Re1 Ne3+
{#} 0-1

[Event "Belgrade Trako IT"]
[Site "Belgrade"]
[Date "1995.??.??"]
[Round "2"]
[White "Nestorovic, Dejan"]
[Black "Brenjo, Slavisa"]
[Result "1-0"]
[WhiteElo "2415"]
[BlackElo "2425"]
[PlyCount "61"]
[EventDate "1995.??.??"]
[EventType "tourn"]
[EventRounds "13"]
[EventCountry "YUG"]
[EventCategory "9"]
[Source "Fruth,M"]
[SourceDate "2003.05.15"]

1. d4 d5 2. c4 e6 3. Nc3 c5 4. cxd5 cxd4 5. Qa4+ Bd7 6. Qxd4 exd5 7. Qxd5 Nc6
8. Nf3 Nf6 9. Qb3 Bc5 10. Bg5 Nb4 11. e3 Qa5 12. Bc4 O-O 13. Bxf6 gxf6 14. O-O
b5 15. Bd5 Rad8 16. a3 Nc6 17. Rac1 Be7 18. Qxb5 Qxb5 19. Nxb5 Nb4 20. Bc4 Nc6
21. Rfd1 Na5 22. Nxa7 Ba4 23. Rxd8 Rxd8 24. Bb5 Bb3 25. Rc8 Rxc8 26. Nxc8 Bc5
27. Nd4 Kf8 28. Nxb3 Nxb3 29. Ba4 Nd2 30. b4 Be7 31. Bc2 1-0

[Event "Catalunya-ch TT"]
[Site "ESP"]
[Date "1995.??.??"]
[Round "?"]
[White "Gual Pascual, Antonio"]
[Black "Rodriguez Vargas, Orestes"]
[Result "1-0"]
[WhiteElo "2355"]
[BlackElo "2445"]
[PlyCount "99"]
[EventDate "1995.??.??"]
[EventType "team"]
[EventCountry "ESP"]
[Source "Fruth,M"]
[SourceDate "2003.05.15"]

1. d4 d5 2. c4 e6 3. Nc3 c5 4. cxd5 cxd4 5. Qa4+ Bd7 6. Qxd4 exd5 7. Qxd5 Nc6
8. Nf3 Nf6 9. Qd1 Bc5 10. e3 Qc7 11. Be2 g5 12. O-O g4 13. Nd4 Qe5 14. f4 gxf3
15. Nxf3 Qe7 16. Nd5 Nxd5 17. Qxd5 Rg8 18. Bc4 Rg7 19. b4 Bxe3+ 20. Kh1 O-O-O
21. Ne1 Bg4 22. Qb5 Rg5 23. Qa4 Rh5 24. Bxe3 Qxe3 25. Bxf7 Rh6 26. b5 Rd4 27.
Qb3 Qe5 28. h3 Rd2 29. Bh5 Be6 30. Bg4 Bxg4 31. Qg8+ Kc7 32. Qxg4 Rg6 33. Qf4
Qxf4 34. Rxf4 Nd4 35. Rf7+ Kb6 36. a4 h6 37. Rf4 Ka5 38. Rb1 Rb6 39. Ra1 Nb3
40. Ra3 Rd1 41. Rxb3 Rxe1+ 42. Kh2 a6 43. Ra3 Rb1 44. bxa6 Kxa6 45. Rg3 Ka5 46.
Rg8 R1b4 47. Ra8+ Ra6 48. Rxa6+ bxa6 49. Rxb4 Kxb4 50. g4 1-0

[Event "ESP-ch U18"]
[Site "Los Barrios"]
[Date "1995.??.??"]
[Round "4"]
[White "Timon Piote, Vicente"]
[Black "Zabala Ordonez, Alvaro"]
[Result "0-1"]
[WhiteElo "2235"]
[BlackElo "2235"]
[PlyCount "48"]
[EventDate "1995.??.??"]
[EventType "swiss"]
[EventRounds "8"]
[EventCountry "ESP"]
[Source "Fruth,M"]
[SourceDate "2003.05.15"]

1. c4 e6 2. Nc3 d5 3. d4 c5 4. cxd5 cxd4 5. Qa4+ Bd7 6. Qxd4 exd5 7. Qxd5 Nc6
8. Bg5 Nf6 9. Qd2 Qa5 10. Bxf6 gxf6 11. Qd5 Qxd5 12. Nxd5 Nb4 13. Nxb4 Bxb4+
14. Kd1 Ba4+ 15. b3 O-O-O+ 16. Kc1 Kb8 17. e4 Rd2 18. Nf3 Rc8+ 19. Bc4 Rxc4+
20. bxc4 Rc2+ 21. Kb1 Ba3 22. Nd4 Rb2+ 23. Kc1 Rxf2+ 24. Kb1 Rb2+ 0-1

[Event "FRA-ch TT"]
[Site "FRA"]
[Date "1995.??.??"]
[Round "?"]
[White "Markotic, Gordan"]
[Black "Kappler, Jean Marie"]
[Result "1-0"]
[WhiteElo "2335"]
[BlackElo "2295"]
[PlyCount "83"]
[EventDate "1995.??.??"]
[EventType "team"]
[EventCountry "FRA"]
[Source "Fruth,M"]
[SourceDate "2003.05.15"]

1. d4 d5 2. c4 e6 3. Nc3 c5 4. cxd5 cxd4 5. Qxd4 Nc6 6. Qd1 exd5 7. Qxd5 Bd7 8.
Nf3 Nf6 9. Qd1 Bc5 10. e3 Qe7 11. a3 O-O-O 12. b4 Bf5 13. Bd2 Bb6 14. Be2 g5
15. O-O g4 16. Nh4 Be6 17. Qc2 Kb8 18. Rfd1 Rc8 19. Qb2 Nd7 20. g3 Rhg8 21. Be1
Nf6 22. b5 Ne5 23. Na4 Nc4 24. Bxc4 Bxc4 25. Nxb6 axb6 26. Bb4 Rc5 27. Bxc5
bxc5 28. Nf5 Qe6 29. Rd6 Qxf5 30. Qxf6 Qxf6 31. Rxf6 Rd8 32. b6 Rd2 33. Rh6 Bb3
34. Rc1 Bc2 35. Rf6 Bg6 36. h3 h5 37. hxg4 hxg4 38. Rf4 Rb2 39. Rxc5 Rxb6 40.
Rxg4 Rb3 41. Rb4 Rxa3 42. Rcb5 1-0

[Event "Fide Mercenarios T 7"]
[Site "MEX"]
[Date "1995.??.??"]
[Round "8"]
[White "Hurtado, Miguel"]
[Black "Russek Libni, Guil"]
[Result "0-1"]
[WhiteElo "2295"]
[BlackElo "2350"]
[PlyCount "73"]
[EventDate "1995.??.??"]
[EventType "tourn"]
[EventRounds "9"]
[EventCountry "MEX"]
[EventCategory "1"]
[Source "Fruth,M"]
[SourceDate "2003.05.15"]

1. c4 e6 2. Nc3 d5 3. d4 c5 4. cxd5 cxd4 5. Qxd4 Nc6 6. Qd1 exd5 7. Qxd5 Bd7 8.
Nf3 Nf6 9. Qd1 Bc5 10. e3 Qe7 11. a3 Rd8 12. Qc2 O-O 13. Be2 Ne5 14. O-O Bc6
15. Qf5 Ng6 16. Bb5 Bxb5 17. Nxb5 Ne4 18. Nbd4 Bxd4 19. exd4 Nh4 20. Nxh4 Qxh4
21. g3 Nd6 22. Qd3 Qh5 23. Rd1 Qd5 24. Be3 Nc4 25. Qe2 Rfe8 26. Rac1 b5 27. Rc3
h5 28. h4 Ne5 29. Bg5 f6 30. Bf4 Nc6 31. Re3 Kf7 32. Rxe8 Rxe8 33. Be3 g6 34.
Qc2 a6 35. Qc3 Rd8 36. Rd2 Ne7 37. Qc7 0-1

[Event "Hastings Masters"]
[Site "Hastings"]
[Date "1995.??.??"]
[Round "9"]
[White "Radovanovic, Jovica"]
[Black "Hunt, Harriet"]
[Result "1-0"]
[WhiteElo "2280"]
[BlackElo "2385"]
[PlyCount "57"]
[EventDate "1995.08.??"]
[EventType "swiss"]
[EventRounds "9"]
[EventCountry "ENG"]
[Source "Fruth,M"]
[SourceDate "2003.05.15"]

1. d4 d5 2. c4 e6 3. Nc3 c5 4. cxd5 cxd4 5. Qxd4 Nc6 6. Qd1 exd5 7. Qxd5 Bd7 8.
Bg5 f6 9. Bf4 Bb4 10. e3 Nge7 11. Qb3 Qb6 12. Bd3 Na5 13. Qc2 Bc6 14. Nge2 g5
15. Bg3 Bxg2 16. Rg1 Bc6 17. O-O-O Qc5 18. Bxh7 Nc4 19. Nd4 Bd7 20. Nb3 Qc6 21.
Be4 Qa6 22. Bg6+ Kf8 23. Rxd7 Nxb2 24. Kxb2 Rc8 25. Rc7 Rxc7 26. Bxc7 Qa3+ 27.
Kb1 Kg7 28. Bd3 Rc8 29. Nb5 1-0

[Event "IECG Cat-A-X"]
[Site "Internet"]
[Date "1995.??.??"]
[Round "?"]
[White "Schulien, Chuck"]
[Black "Sasata, Robert"]
[Result "1/2-1/2"]
[WhiteElo "2430"]
[BlackElo "2405"]
[PlyCount "76"]
[EventDate "1995.??.??"]
[EventType "game (corr)"]
[Source "Fruth,M"]
[SourceDate "2003.05.15"]

1. d4 d5 2. c4 e6 3. Nc3 c5 4. cxd5 cxd4 5. Qxd4 Nc6 6. Qd1 exd5 7. Qxd5 Bd7 8.
Nf3 Nf6 9. Qd1 Bc5 10. e3 Qe7 11. Be2 O-O-O 12. O-O g5 13. b4 Bxb4 14. Qb3 g4
15. Nd4 Nxd4 16. exd4 Be6 17. Qb2 Nd5 18. Nxd5 Bxd5 19. Be3 Kb8 20. Rfd1 Bd6
21. Rab1 Rhg8 22. Re1 f5 23. Bd3 Qf7 24. Bd2 Ka8 25. Bb4 Bb8 26. Be7 Rc8 27.
Bh4 Bd6 28. Qb5 Rc3 29. Rbd1 Rf8 30. Re2 Ra3 31. Rde1 Bc6 32. Qc4 Qxc4 33. Bxc4
Ra4 34. Rc1 Rxc4 35. Rxc4 Bb5 36. Rcc2 Bxe2 37. Rxe2 Kb8 38. Be7 Bxe7 1/2-1/2

[Event "Litomysl op"]
[Site "Litomysl"]
[Date "1995.??.??"]
[Round "5"]
[White "Shemeakin, Alexander"]
[Black "Cech, Pavel"]
[Result "0-1"]
[WhiteElo "2240"]
[BlackElo "2360"]
[PlyCount "76"]
[EventDate "1995.??.??"]
[EventType "swiss"]
[EventRounds "7"]
[EventCountry "CZE"]
[Source "Fruth,M"]
[SourceDate "2003.05.15"]

1. d4 d5 2. c4 e6 3. Nc3 c5 4. cxd5 cxd4 5. Qa4+ Bd7 6. Qxd4 exd5 7. Qxd5 Nf6
8. Qd1 Bc5 9. Nf3 Nc6 10. e3 Qe7 11. a3 O-O-O 12. Qc2 Kb8 13. Bd2 Rc8 14. Bd3
g5 15. h3 h5 16. Nxg5 Rhg8 17. h4 Nd4 18. Qd1 Bc6 19. O-O Ne6 20. e4 Ng4 21.
Be2 Rcd8 22. Qc1 Nd4 23. Bf4+ Ka8 24. Bc4 f6 25. Bxg8 Rxg8 26. Nh3 Ne2+ 27. Kh1
Nxc1 28. Raxc1 Bd6 29. Rce1 Bxf4 30. Nxf4 Qe5 31. g3 Bb5 32. Nxb5 Qxb5 33. b4
Ne5 34. Nd5 Kb8 35. Nxf6 Rf8 36. Nxh5 Nf3 37. Rd1 Qxh5 38. Rd5 Qg4 0-1

[Event "NED-ch TT"]
[Site "NED"]
[Date "1995.??.??"]
[Round "?"]
[White "Grooten, Herman"]
[Black "Van der Werf, Mark"]
[Result "0-1"]
[WhiteElo "2355"]
[BlackElo "2425"]
[PlyCount "114"]
[EventDate "1995.??.??"]
[EventType "team"]
[EventCountry "NED"]
[Source "Fruth,M"]
[SourceDate "2003.05.15"]

1. d4 d5 2. c4 e6 3. Nc3 c5 4. cxd5 cxd4 5. Qa4+ Bd7 6. Qxd4 exd5 7. Qxd5 Nc6
8. Nf3 Nf6 9. Qd1 Bc5 10. g3 Qb6 11. e3 O-O-O 12. Bd2 Bb4 13. a3 Bxc3 14. Bxc3
Bg4 15. Qc2 Nd5 16. Nd4 Rhe8 17. Be2 Bxe2 18. Nxe2 Nxc3 19. Qxc3 Qa6 20. Rc1
Kb8 21. Rc2 Rd3 22. Qxg7 Qa4 23. Rc1 Ne5 24. O-O Nf3+ 25. Kh1 Qd7 26. Qf6 Nd2
27. Qf4+ Ka8 28. Rfd1 Qd5+ 29. f3 Nb3 30. Rxd3 Qxd3 31. Qe5 Qd8 32. Qc3 Nxc1
33. Nxc1 Qc8 34. e4 Qxc3 35. bxc3 f5 36. Kg2 fxe4 37. f4 Rd8 38. Kf2 Rd2+ 39.
Ke3 Rxh2 40. Ne2 Kb8 41. f5 Kc8 42. Nf4 Ra2 43. Kxe4 Rxa3 44. Nd5 Kd7 45. Ke5
Ke8 46. Nf6+ Kf7 47. Nxh7 Rxc3 48. Ng5+ Kg8 49. Ne4 Rc6 50. Kd5 Rc1 51. g4 a5
52. Nc5 b6 53. Nd3 Rc2 54. Kd4 b5 55. Ne5 a4 56. f6 a3 57. Kd3 a2 0-1

[Event "NED-ch sfin"]
[Site "Enschede"]
[Date "1995.??.??"]
[Round "8"]
[White "Knoppert, Erik GJ"]
[Black "Hoeksema, Hendrik Pieter"]
[Result "0-1"]
[WhiteElo "2400"]
[BlackElo "2410"]
[PlyCount "55"]
[EventDate "1995.??.??"]
[EventType "swiss"]
[EventRounds "9"]
[EventCountry "NED"]
[Source "Fruth,M"]
[SourceDate "2003.05.15"]

1. c4 e6 2. Nc3 d5 3. d4 c5 4. cxd5 cxd4 5. Qxd4 Nc6 6. Qd1 exd5 7. e3 Nf6 8.
Nf3 Bd6 9. Nb5 Bc5 10. Be2 O-O 11. O-O Bg4 12. b3 a6 13. Nbd4 Nxd4 14. exd4 Ba7
15. h3 Bh5 16. g4 Bg6 17. Bg5 Qb6 18. Rc1 Ne4 19. Be3 Rfc8 20. Ne5 Qa5 21. Nxg6
hxg6 22. Rc2 Nc3 23. Qd2 Rc6 24. Bd3 Rac8 25. f4 Qb4 26. Qf2 Re8 27. Kh1 Qe7
28. Re1 0-1